000 00312nam a2200133Ia 4500
008 220216s9999 xx 000 0 und d
100 _aHaridas G
245 0 _aIrrigation of rubber nurseries
260 _bPlanters Bulletin
_c1985
300 _a91-99
650 _aIrrigation
650 _aRubber
942 _cJS
999 _c61685
_d61685